000 00619nam a2200205Ia 4500
003 GCL
008 140319s9999 xx 000 0 ara d
040 _aGCL /
_cGCL
082 0 4 _aق
_b930.1
_bر هـ
100 1 _aراجى عنايت
245 1 0 _aالهرم وسرقواة الخارقة /
_cراجى عنايت
250 _aالسادسة
260 _aالقاهرة :
_bدار الشروق ،
_c1995
300 _a142 ص ؛
_c14 سم
490 _aاغرب من الخيال
_v0
650 0 4 _aالفراعنة
650 0 4 _aالاثار الفرعونية
650 0 4 _aالاهرام
942 _2ddc
_cBK
999 _c40855
_d40855